00721nas a22002057a 4500008004100000245002900041260007600070300000900146440004800155546001400203590003300217590003500250650002200285650006700307650004000374650002300414856005100437942001200488999001500500130513t20109999ag ||||| |||| 00| 0 spa d aColeccion Trabajos Clave aBuenos Aires,bSociedad Iberoamericana de Informacion Cientifica:c2010 av. : aPrevencion de Eventos Macrovasculares92225 aespañol aIndizada en: SIIC Data Bases aExistencias: 2010 (1 ejemplar) aCARDIOLOGIA91893 aENFERMEDADES CARDIOVASCULARES Y DIABETES MELLITUS TIPO 292226 aENFERMEDADES CARDIOVASCULARES92227 aPIOGLITAZONA92204 uhttp://www.siicsalud.com/lmr/siicdatabases.php 2ddccCR c1400d1400